Indiana State Alumni - Statistics

General Stats
  • This quiz has been taken 6 times
  • The average score is 3 of 6
Answer Stats
Hint Answer % Correct
Hall of Fame basketball player who played for the Boston Celtics Larry Bird
100%
Founder of the Indy Racing League and former CEO of the Indianapolis Motor Speedway Tony George
50%
Senator from Indiana from 1963 to 1981 Birch Bayh
33%
Saudi journalist who was assassinated at the Saudi consulate in Istanbul in 2018 by agents of the Saudi government Jamal Khashoggi
33%
Tight end who plays for the Chicago Bears Robert Tonyan
33%
First African American woman to earn a pilot's license and first to run for Congress Willa Brown
33%
No matching quizzes found
Score Distribution
Percent of People with Each Score
Percentile by Number Answered
Your Score History
You have not taken this quiz